| 000 | 00589nam a2200193Ia 4500 | ||
|---|---|---|---|
| 001 | 17578 | ||
| 003 | GE_BSU | ||
| 008 | 181216s||||||||xx |||||||||||||| ||und|| | ||
| 040 | _cGE_BSU | ||
| 080 | _a821.353.1(092 კლდიაშვილი) | ||
| 100 | _aკლდიაშვილი,სერგო | ||
| 245 | _aდავით კლდიაშვილი(ბიოგრაფია) | ||
| 260 | _aტფილისი | ||
| 260 | _bსახელგამი | ||
| 260 | _c1930 | ||
| 300 | _a89გვ. ; 18სმ. | ||
| 653 | _aბოიგრაფია | ||
| 942 | _cBK | ||
| 999 |
_c50628 _d50628 |
||